Discurso del presidente Reagan sobre la propuesta de los Estados Unidos para el control de armamentos (Los Angeles, 31 de marzo de 1983)

محفوظ في:
التفاصيل البيبلوغرافية
المؤلف الرئيسي: Reagan, Ronald
التنسيق: نص
منشور في: s.l.e: Servicio Informativo de los EUA
الوسوم: إضافة وسم
لا توجد وسوم, كن أول من يضع وسما على هذه التسجيلة!

MARC

LEADER 00000 a a2200000 04500
001 15313
003
040
090 |a 018500  
100 |a Reagan, Ronald  
245 |a Discurso del presidente Reagan sobre la propuesta de los Estados Unidos para el control de armamentos (Los Angeles, 31 de marzo de 1983)  
260 |a s.l.e:   |b Servicio Informativo de los EUA  
300 |a 16 p.  
999 |c 12418  |d 12418